000 00320nam a2200121Ia 4500
008 190722s9999 xx 000 0 und d
020 _a978-93-325-5241-8
100 _aBJ Miller
245 0 _aSams Teach Yourself Swift in 24 Hours
260 _aIndia
_bPearson India Education Services
_c2015
300 _a423
942 _cBK
999 _c373
_d373